000 00367nam a22001577a 4500
003 MACL
005 20151121133455.0
008 151121b xxu||||| |||| 00| 0 eng d
040 _cMACL
041 _aEnglish
082 _a080/CHA
100 _aChaudahuri,Arindam
_917725
245 _aDiscover The Diamond You
650 _aMotivational
_917686
942 _2ddc
_cBK
999 _c50812
_d50812